[Event "Vancouver Open--Open"]
[Site "Vancouver, WA"]
[Date "2017.08.06"]
[Round "4"]
[White "Sinanen  (WA), Josh"]
[Black "Margvelashvili  (WA), Giorgi"]
[Result "0-1"]
[WhiteElo "2263"]
[BlackElo "2609"]
[PlyCount "64"]
[EventDate "2017.08.05"]
[SourceDate "2017.08.14"]
[SourceVersionDate "2017.08.14"]

1. d4 d6 2. Nf3 Nf6 3. c4 Nbd7 4. Nc3 e5 5. Bg5 Be7 6. e3 O-O 7. Be2 c6 8. O-O
h6 9. Bh4 Re8 10. Qc2 Nh7 11. Bg3 Ng5 12. Rfd1 Bf8 13. b4 g6 14. Nxg5 hxg5 15.
dxe5 dxe5 16. c5 f5 17. f3 Qf6 18. a3 Kh7 19. Rac1 Qf7 20. Nb1 e4 21. f4 gxf4
22. exf4 Nf6 23. Nd2 Be6 24. Nc4 Nd5 25. Qd2 Qf6 26. Bf2 Bh6 27. Be3 Nxe3 28.
Qxe3 g5 29. fxg5 Bxg5 30. Qc3 Qh6 31. Rb1 Rg8 32. Rb3 e3 0-1

[Event "Vancouver Open--Open"]
[Site "Vancouver, WA"]
[Date "2017.08.06"]
[Round "4"]
[White "Mathews  (WA), Dan"]
[Black "Du  (WA), Wenyang"]
[Result "0-1"]
[WhiteElo "1825"]
[BlackElo "1908"]
[PlyCount "86"]
[EventDate "2017.08.05"]
[SourceDate "2017.08.15"]
[SourceVersionDate "2017.08.15"]

1. e4 c5 2. Nf3 d6 3. d4 cxd4 4. Nxd4 Nf6 5. Nc3 Nc6 6. Bb5 Bd7 7. Nxc6 bxc6 8.
Bd3 e5 9. h3 Be7 10. Be3 d5 11. Bc1 d4 12. Ne2 c5 13. O-O Qc7 14. b3 O-O 15.
Ng3 g6 16. Bh6 Rfe8 17. Qd2 Bf8 18. Bxf8 Rxf8 19. f4 exf4 20. Rxf4 Kg7 21. Raf1
Ng8 22. Qf2 Be6 23. h4 Nh6 24. h5 g5 25. Nf5+ Bxf5 26. Rxf5 Nxf5 27. Qxf5 f6
28. e5 Kh6 29. Qe6 Qxe5 30. Qd7 Rh8 31. Rf5 Qe1+ 32. Bf1 Rhf8 33. Qd6 Kxh5 34.
Rf3 Kg6 35. Qxc5 Qe5 36. Bd3+ Kg7 37. Qc6 Rae8 38. Rh3 Rh8 39. Qd7+ Re7 40. Qg4
h5 41. Rxh5 Qe3+ 42. Kh1 Qc1+ 43. Kh2 Qf4+ 0-1

[Event "Vancouver Open--Open"]
[Site "Vancouver, WA"]
[Date "2017.08.06"]
[Round "4"]
[White "Baxter  (WA), Brent"]
[Black "Kadioglu  (WA), Cem"]
[Result "1-0"]
[WhiteElo "1900"]
[BlackElo "1809"]
[PlyCount "53"]
[EventDate "2017.08.05"]
[SourceDate "2017.08.15"]
[SourceVersionDate "2017.08.15"]

1. b3 e6 2. Bb2 f5 3. e4 d6 4. exf5 exf5 5. Qh5+ Ke7 6. Bc4 Qe8 7. Qg5+ Kd7+ 8.
Kf1 Qg6 9. Qe3 Nc6 10. Na3 Be7 11. Re1 Nf6 12. Nh3 Re8 13. Nf4 Qh6 14. Nb5 a6
15. Nd4 Nxd4 16. Bxd4 Bf8 17. Qf3 Ne4 18. Be3 g5 19. Nd5 Kd8 20. d3 Nf6 21. h4
f4 22. Nxf6 Qxf6 23. hxg5 Qxg5 24. Bxf4 Rxe1+ 25. Kxe1 Qa5+ 26. Bd2 Qxa2 27.
Bg5+ 1-0

[Event "Vancouver Open--Reserve"]
[Site "Vancouver, WA"]
[Date "2017.08.06"]
[Round "4"]
[White "Dietz  (OR), Arliss"]
[Black "Hitchcock  (WA), Brandon"]
[Result "1-0"]
[WhiteElo "1500"]
[BlackElo "1160"]
[PlyCount "47"]
[EventDate "2017.08.05"]
[SourceDate "2017.08.15"]
[SourceVersionDate "2017.08.15"]

1. e4 e6 2. d4 d5 3. exd5 exd5 4. Nf3 c6 5. Be2 Nf6 6. O-O Bd6 7. Re1 h5 8. Bg5
Be7 9. Bd3 Ng4 10. Bxe7 Qd7 11. Bh4+ Kf8 12. h3 Nh6 13. Ne5 Qc7 14. Bg3 Qd8 15.
Qxh5 Be6 16. Z0 Nd7 17. Nxd7+ Qxd7 18. Nd2 Ke7 19. Qe2 Rae8 20. Nf3 Kd8 21. Qd2
Nf5 22. Ne5 Qc7 23. Bxf5 Bxf5 24. Ng6 1-0

[Event "Vancouver Open--Reserve"]
[Site "Vancouver, WA"]
[Date "2017.08.06"]
[Round "4"]
[White "Toppen-Ryan  (WA), Harrison"]
[Black "Kodithyala  (OR), Raj"]
[Result "1/2-1/2"]
[WhiteElo "1446"]
[BlackElo "1510"]
[PlyCount "38"]
[EventDate "2017.08.05"]
[SourceDate "2017.08.16"]
[SourceVersionDate "2017.08.16"]

1. c4 c5 2. g3 e6 3. Bg2 d5 4. Nf3 Nf6 5. O-O Nc6 6. d4 Be7 7. Bf4 O-O 8. dxc5
Bxc5 9. cxd5 Nxd5 10. Bd2 Qb6 11. Qc1 Bd7 12. Nc3 Nxc3 13. Bxc3 Rad8 14. a3 a5
15. Bxg7 Kxg7 16. Qg5+ Kh8 17. Qf6+ Kg8 18. Qg5+ Kh8 19. Qf6+ Kg8 1/2-1/2

[Event "Vancouver Open--Open"]
[Site "Vancouver, WA"]
[Date "2017.08.06"]
[Round "4"]
[White "Vega  (OR), Isaac"]
[Black "Hosford  (OR), Michael"]
[Result "0-1"]
[WhiteElo "1755"]
[BlackElo "1890"]
[PlyCount "62"]
[EventDate "2017.08.05"]
[SourceDate "2017.08.16"]
[SourceVersionDate "2017.08.16"]

1. e4 Nc6 2. d4 d5 3. e5 Bf5 4. Nf3 e6 5. Be2 Nb4 6. Na3 c5 7. c3 Nc6 8. O-O a6
9. Be3 c4 10. Bg5 f6 11. exf6 gxf6 12. Bf4 Bd6 13. Bxd6 Qxd6 14. Nh4 Bg6 15.
Bg4 O-O-O 16. Re1 Bf7 17. b4 f5 18. Bh3 Nf6 19. b5 Na7 20. Qc1 axb5 21. Nf3
Rdg8 22. Ne5 Be8 23. Nc2 Nc6 24. a4 bxa4 25. Rxa4 Ne4 26. Ra8+ Kc7 27. Qa3 Nxe5
28. Rxe8 Nf3+ 29. Kf1 Qxh2 30. Rxe6 Qg1+ 31. Ke2 Qxf2+ 0-1

[Event "Vancouver Open--Reserve"]
[Site "Vancouver, WA"]
[Date "2017.08.06"]
[Round "4"]
[White "Nestler  (VA), Matthew"]
[Black "Yoshinaga  (OR), David"]
[Result "0-1"]
[WhiteElo "1570"]
[BlackElo "1756"]
[PlyCount "76"]
[EventDate "2017.08.05"]
[SourceDate "2017.08.16"]
[SourceVersionDate "2017.08.16"]

1. c4 b5 2. cxb5 Bb7 3. d4 e6 4. e3 Nf6 5. Nf3 a6 6. Nc3 axb5 7. Bxb5 Na6 8.
O-O c6 9. Bd3 Nb4 10. a3 Nxd3 11. Qxd3 Ba6 12. Qd1 Bxf1 13. Qxf1 d5 14. b4 Bxb4
15. Bb2 Bd6 16. a4 Ne4 17. Nxe4 dxe4 18. Nd2 f5 19. Qc1 Qc7 20. g3 Rg8 21. Qc4
Kd7 22. Ba3 Bxa3 23. Rxa3 h5 24. Nb3 Qd6 25. Nc5+ Ke7 26. Rb3 Rab8 27. h4 Rxb3
28. Qxb3 Rb8 29. Qc4 Kf6 30. a5 Rb5 31. a6 Kg6 32. Qa2 Qd5 33. Qa3 Qc4 34. Nxe4
Rb1+ 35. Kh2 Qf1 36. g4 Qh1+ 37. Kg3 Rg1+ 38. Kf4 Qxe4# 0-1

[Event "Vancouver Open--Open"]
[Site "Vancouver, WA"]
[Date "2017.08.06"]
[Round "4"]
[White "Dayal  (OR), Jai"]
[Black "Mayer  (WA), Jacob"]
[Result "1-0"]
[WhiteElo "1984"]
[BlackElo "1778"]
[PlyCount "69"]
[EventDate "2017.08.05"]
[SourceDate "2017.08.16"]
[SourceVersionDate "2017.08.16"]

1. d4 Nf6 2. c4 e5 3. dxe5 Ng4 4. Nf3 Bc5 5. e3 Nc6 6. Be2 Ngxe5 7. O-O O-O 8.
Nc3 Re8 9. b3 b6 10. Bb2 Bb7 11. Nd5 d6 12. a3 a5 13. Qd2 Nxf3+ 14. Bxf3 Ne5
15. Be2 c6 16. Nf4 d5 17. cxd5 cxd5 18. Nd3 Nxd3 19. Bxd3 Qg5 20. Qe2 d4 21. e4
f5 22. f4 Qg6 23. e5 Be4 24. b4 axb4 25. axb4 Bxb4 26. Bxe4 fxe4 27. Bxd4 Ba5
28. f5 Qc6 29. f6 Rxe5 30. Qg4 Ra7 31. Bxe5 Qc5+ 32. Kh1 Qxe5 33. f7+ Kf8 34.
Qc8+ Ke7 35. f8=Q# 1-0

[Event "Vancouver Open--Open"]
[Site "Vancouver, WA"]
[Date "2017.08.06"]
[Round "4"]
[White "Pickett  (WA), Charles"]
[Black "Abdul-Mujeeb  (WA), Numan"]
[Result "0-1"]
[WhiteElo "2000"]
[BlackElo "1715"]
[PlyCount "76"]
[EventDate "2017.08.05"]
[SourceDate "2017.08.18"]
[SourceVersionDate "2017.08.18"]

1. d4 e6 2. c4 d5 3. Nc3 Nf6 4. cxd5 exd5 5. Bg5 Bb4 6. e3 O-O 7. Bd3 h6 8. Bh4
Bg4 9. Qc2 Bxc3+ 10. bxc3 Nbd7 11. Ne2 Bxe2 12. Qxe2 c5 13. O-O g5 14. Bg3 c4
15. Bf5 Qe7 16. f3 Rfe8 17. Rae1 Nh5 18. Bb1 Nxg3 19. hxg3 b5 20. e4 f6 21. Qc2
dxe4 22. fxe4 Qg7 23. Rf5 a6 24. e5 fxe5 25. dxe5 Re6 26. Qe4 Rae8 27. Qd5 Kh8
28. Ref1 Rxe5 29. Qf3 Rxf5 30. Bxf5 Nb8 31. Rd1 Qa7+ 32. Kh1 Kg7 33. Bb1 Qf7
34. Qg4 Re7 35. Kh2 Nd7 36. Rd6 Nf6 37. Qf5 Qh5+ 38. Qh3 Ng4+ 0-1

[Event "Vancouver Open--Reserve"]
[Site "Vancouver, WA"]
[Date "2017.08.06"]
[Round "4"]
[White "Moore  (OR), Michael"]
[Black "Kurfman  (OR), David"]
[Result "1-0"]
[WhiteElo "1761"]
[BlackElo "1602"]
[PlyCount "81"]
[EventDate "2017.08.05"]
[SourceDate "2017.08.18"]
[SourceVersionDate "2017.08.18"]

1. e4 e5 2. Nf3 Nc6 3. Bb5 a6 4. Ba4 Nf6 5. O-O b5 6. Bb3 Be7 7. d4 Nxe4 8.
dxe5 Nc5 9. Nc3 Nxb3 10. axb3 O-O 11. Nxb5 Bb7 12. Nbd4 Qc8 13. Nf5 Bc5 14. Qd3
Re8 15. Bf4 Nb4 16. Qc3 d6 17. e6 f6 18. Ng5 Nd5 19. Qg3 Nxf4 20. Qxf4 fxg5 21.
Qxg5 g6 22. Ne7+ Rxe7 23. Qxe7 Qf8 24. Qxc7 Bd5 25. e7 Qf7 26. c4 Be6 27. Rae1
Re8 28. Qa5 Rxe7 29. b4 Bd4 30. Qxa6 Ra7 31. Qxd6 Bxc4 32. Qd8+ Qf8 33. Re8
Bxf2+ 34. Kh1 Rf7 35. Rxf8+ Rxf8 36. Qxf8+ Kxf8 37. Rxf2+ Ke7 38. Rc2 Bb5 39.
Rc5 Bd7 40. b5 Kd6 41. b4 1-0

[Event "Vancouver Open--Open"]
[Site "Vancouver, WA"]
[Date "2017.08.06"]
[Round "4"]
[White "Hwang  (WA), Matthew"]
[Black "McCoy  (OR), Owen"]
[Result "0-1"]
[WhiteElo "1591"]
[BlackElo "2040"]
[Annotator "Murlin"]
[PlyCount "98"]
[EventDate "2017.08.05"]
[SourceDate "2017.08.19"]
[SourceVersionDate "2017.08.19"]

1. e4 c5 2. Nf3 d6 3. d4 cxd4 4. Nxd4 Nf6 5. Nc3 a6 6. Bc4 e6 7. O-O b5 8. Bb3
Qc7 9. Re1 Be7 10. Qf3 Qb7 11. a3 Bd7 12. Bg5 O-O 13. Qg3 Rd8 14. Rad1 a5 15.
e5 dxe5 16. Qxe5 Na6 17. Ne4 Ng4 18. Qf4 Bxg5 19. Qxg5 Nh6 20. Nf6+ Kh8 21. Re3
Bc6 22. Rg3 Nf5 23. Rh3 gxf6 24. Qxf6+ Ng7 25. Rdd3 Be4 26. Nxe6 Rg8 27. Bd5 (
27. Ng5 Rge8 28. Nxf7+ Qxf7 29. Bxf7 $18) 27... Qxd5 28. Rxd5 fxe6 29. Rdh5
Raf8 30. Rxh7+ Bxh7 31. Qh6 Nh5 32. Rxh5 Rg7 33. Qxe6 Nc7 34. Qh3 a4 35. f4 Kg8
36. f5 Nd5 37. Qf3 Nf6 38. Rh4 Rd7 39. Rb4 Rfd8 40. Rxb5 Rd1+ 41. Kf2 R1d2+ 42.
Kg3 Rxc2 43. Qe3 Rc7 44. Qe6+ Kg7 45. Qe5 Rcd7 46. Rb6 $2 $11 (46. h3 $18)
46... Rd3+ 47. Kf4 $4 $19 R8d4+ 48. Qxd4 Rxd4+ 49. Ke5 Rd5+ 0-1

[Event "Vancouver Open--Open"]
[Site "Vancouver, WA"]
[Date "2017.08.06"]
[Round "4"]
[White "Seitzer  (OR), Phillip"]
[Black "Braxton  (WA), Casey"]
[Result "1-0"]
[WhiteElo "2056"]
[BlackElo "1806"]
[PlyCount "97"]
[EventDate "2017.08.05"]
[SourceDate "2017.08.19"]
[SourceVersionDate "2017.08.19"]

1. e4 e6 2. d4 d5 3. Nd2 Nf6 4. e5 Nfd7 5. Bd3 c5 6. c3 Nc6 7. Ne2 cxd4 8. cxd4
f6 9. exf6 Nxf6 10. Nf3 Bd6 11. O-O Qc7 12. Ng3 O-O 13. Bd2 Bd7 14. Rc1 Qb6 15.
Bc3 Bf4 16. Rc2 Nb4 17. Bxb4 Qxb4 18. Re1 Rac8 19. Ne2 Rxc2 20. Qxc2 Bh6 21. a3
Qa5 22. Nc3 Rc8 23. h4 b5 24. Ne5 Be8 25. g4 Bf4 26. g5 Ne4 27. Bxe4 dxe4 28.
Qxe4 Bd2 29. Nf3 Bxe1 30. Qxe6+ Kf8 31. Qf5+ Ke7 32. Qxc8 Bxc3 33. Qxc3 Qxc3
34. bxc3 Bc6 35. Ne5 Bd5 36. Kf1 Ke6 37. Ke2 Kf5 38. Ke3 Be6 39. f3 Bd5 40. Nd3
Bc4 41. Nc5 Bd5 42. Ne4 a6 43. Ng3+ Ke6 44. f4 Ba2 45. f5+ Ke7 46. Kf4 Bb3 47.
Ke5 Bc4 48. d5 Kf7 49. h5 1-0

[Event "Vancouver Open--Open"]
[Site "Vancouver, WA"]
[Date "2017.08.06"]
[Round "4"]
[White "Phipps  (OR), Danny"]
[Black "Bjorksten  (OR), Lennart"]
[Result "0-1"]
[WhiteElo "1920"]
[BlackElo "2091"]
[PlyCount "106"]
[EventDate "2017.08.05"]
[SourceDate "2017.08.21"]
[SourceVersionDate "2017.08.21"]

1. d4 Nf6 2. c4 e6 3. Nc3 Bb4 4. e3 O-O 5. Nge2 c6 6. a3 Ba5 7. c5 Bc7 8. g3 d6
9. cxd6 Qxd6 10. Bg2 e5 11. O-O Nbd7 12. Qc2 Nb6 13. b3 Bg4 14. Bb2 Qe7 15. a4
Rfe8 16. a5 Nbd5 17. Nxd5 Nxd5 18. Ra4 e4 19. Ba3 Bd6 20. Bxd6 Qxd6 21. Nc3
Rac8 22. Rc1 Qe7 23. h3 Bd7 24. Qd2 Nf6 25. Qb2 Bf5 26. Ne2 Qd7 27. Kh2 Re6 28.
Nf4 Rd6 29. Rac4 g5 30. Ne2 Nd5 31. g4 Bg6 32. Ng3 Re8 33. b4 a6 34. Bf1 Rf6
35. Rc5 Qd6 36. Bc4 h5 37. gxh5 Bxh5 38. Bxd5 cxd5 39. Qa2 Rd8 40. b5 Bf3 41.
bxa6 Rh6 42. Qxd5 Rxh3+ 43. Kg1 Rxg3+ 44. Kf1 Qxa6+ 45. Qc4 Qxc4+ 46. R1xc4 Rg4
47. Rc8 Rxc8 48. Rxc8+ Kg7 49. Rb8 Rh4 50. Ke1 Rh1+ 51. Kd2 Ra1 52. Ra8 Ra2+
53. Kc3 Rxf2 0-1

[Event "Vancouver Open--Open"]
[Site "Vancouver, WA"]
[Date "2017.08.06"]
[Round "4"]
[White "Cigan  (OR), Jason"]
[Black "Breckenridge  (OR), Steven"]
[Result "0-1"]
[WhiteElo "2218"]
[BlackElo "2385"]
[PlyCount "132"]
[EventDate "2017.08.05"]
[SourceDate "2017.08.21"]
[SourceVersionDate "2017.08.21"]

1. e4 e5 2. Nf3 Nc6 3. Bb5 a6 4. Ba4 Nf6 5. O-O b5 6. Bb3 Bb7 7. d3 Bc5 8. Nc3
O-O 9. a4 Na5 10. axb5 Nxb3 11. cxb3 axb5 12. Rxa8 Bxa8 13. Nxe5 d5 14. Bg5 Be7
15. Nxb5 h6 16. Bf4 g5 17. Bg3 dxe4 18. dxe4 Nxe4 19. Qxd8 Rxd8 20. Nxc7 Bb7
21. Nc4 Rd3 22. Na5 Nxg3 23. hxg3 Bc8 24. Re1 Bd8 25. Re8+ Kg7 26. Nc6 Bxc7 27.
Rxc8 Bb6 28. Ne7 Rd1+ 29. Kh2 Bxf2 30. Nf5+ Kf6 31. Nxh6 Bg1+ 32. Kh3 Kg6 33.
Ng4 Bd4 34. Rc6+ f6 35. Kh2 Kf5 36. Nh6+ Kg6 37. Ng4 Bxb2 38. Nf2 Rd8 39. g4
Be5+ 40. Kg1 Rb8 41. Rc1 Rxb3 42. Rd1 Rb4 43. Nd3 Rxg4 44. Nxe5+ fxe5 45. Kf2
Rd4 46. Ra1 Kf5 47. Ra8 Rd2+ 48. Kg3 Rd3+ 49. Kf2 g4 50. Rf8+ Ke4 51. Ra8 g3+
52. Ke2 Re3+ 53. Kd2 Rb3 54. Ra4+ Kf5 55. Ra2 Kf4 56. Ke2 e4 57. Rc2 Rb1 58.
Rc8 Rb2+ 59. Kf1 Rf2+ 60. Kg1 e3 61. Rc4+ Ke5 62. Ra4 e2 63. Ra1 Kf5 64. Ra5+
Kf6 65. Ra6+ Kg5 66. Ra1 Rf4 0-1

[Event "Vancouver Open--Reserve"]
[Site "Vancouver, WA"]
[Date "2017.08.06"]
[Round "5"]
[White "Mathews  (WA), Carl"]
[Black "Varner  (WA), Murlin"]
[Result "0-1"]
[WhiteElo "1670"]
[BlackElo "1515"]
[PlyCount "138"]
[EventDate "2017.08.05"]
[SourceDate "2017.08.21"]
[SourceVersionDate "2017.08.21"]

1. d4 Nf6 2. Nf3 g6 3. e3 Bg7 4. Nbd2 d5 5. Nb3 O-O 6. Be2 b6 7. O-O Nbd7 8. c4
Bb7 9. cxd5 Bxd5 10. Bd2 Rc8 11. Rc1 c5 12. dxc5 Bxb3 13. axb3 Nxc5 14. Bc3
Qxd1 15. Bxd1 Nce4 16. Be2 Nxc3 17. bxc3 Ne4 18. c4 Rfd8 19. Rfd1 Nc3 20. Rxd8+
Rxd8 21. Kf1 a5 22. Nd4 Na2 23. Rd1 Nc3 24. Rd3 Ne4 25. f3 Nc5 26. Rd1 Bxd4 27.
exd4 Nxb3 28. d5 Nc5 29. Rb1 Rd6 30. f4 Ne4 31. Ke1 Kg7 32. Rb3 Kf6 33. g3 Nc5
34. Rb1 e6 35. Bf3 Nd3+ 36. Kd2 Nb4 37. Kc3 exd5 38. cxd5 Nxd5+ 39. Bxd5 Rxd5
40. Rxb6+ Kg7 41. Rb2 Kh6 42. Kc4 Rd7 43. Ra2 Ra7 44. Kb5 a4 45. Kb6 Ra8 46.
Ra3 Rb8+ 47. Kc5 Rc8+ 48. Kd4 Ra8 49. Ke5 f5 50. h3 Kg7 51. Kd4 Kf6 52. Kc5 h6
53. Kb4 g5 54. Rxa4 Rxa4+ 55. Kxa4 Ke6 56. Kb4 Kd5 57. Kc3 Ke4 58. fxg5 hxg5
59. h4 gxh4 60. gxh4 Kf4 61. h5 Kg5 62. h6 Kxh6 63. Kd3 Kg5 64. Ke3 Kg4 65. Kf2
Kf4 66. Ke2 Kg3 67. Kf1 f4 68. Kg1 f3 69. Kf1 f2 0-1

[Event "Vancouver Open--Reserve"]
[Site "Vancouver, WA"]
[Date "2017.08.06"]
[Round "5"]
[White "Koenig  (WA), Benjamins"]
[Black "Toppen-Ryan  (WA), Harrison"]
[Result "0-1"]
[WhiteElo "1170"]
[BlackElo "1446"]
[PlyCount "60"]
[EventDate "2017.08.05"]
[SourceDate "2017.08.21"]
[SourceVersionDate "2017.08.21"]

1. e4 c5 2. d4 cxd4 3. c3 dxc3 4. Nxc3 Nc6 5. Nf3 a6 6. Bd3 e5 7. O-O Nf6 8.
Nd5 d6 9. Re1 Be7 10. Ng5 Nxd5 11. exd5 Bxg5 12. Bxg5 Qxg5 13. dxc6 Qe7 14. f4
O-O 15. Rc1 bxc6 16. fxe5 dxe5 17. Rxc6 Bb7 18. Rb6 Qc5+ 19. Kh1 Qxb6 20. Rxe5
Qxb2 21. Re2 Qf6 22. h3 Rfe8 23. Rd2 Rad8 24. Qb1 g6 25. Rb2 Rxd3 26. Rxb7 Rde3
27. Rb8 Rxb8 28. Qxb8+ Kg7 29. Qb4 Qa1+ 30. Kh2 Qe5+ 0-1

[Event "Vancouver Open--Open"]
[Site "Vancouver, WA"]
[Date "2017.08.06"]
[Round "5"]
[White "Du  (WA), Wenyang"]
[Black "Beck  (WA), Alec"]
[Result "1-0"]
[WhiteElo "1908"]
[BlackElo "1721"]
[PlyCount "63"]
[EventDate "2017.08.05"]
[SourceDate "2017.08.21"]
[SourceVersionDate "2017.08.21"]

1. e4 e6 2. d4 d5 3. Nd2 Nf6 4. e5 Nfd7 5. Bd3 c5 6. c3 Nc6 7. Ne2 cxd4 8. cxd4
Be7 9. O-O Qb6 10. Nf3 f6 11. Nf4 Nb4 12. exf6 Nxf6 13. Bb1 O-O 14. Re1 Na6 15.
Ng5 Bb4 16. Re3 Nc7 17. Qd3 Ne4 18. Nxe4 Rxf4 19. Ng5 Qxd4 20. Qxh7+ Kf8 21. g3
Rg4 22. Rf3+ Ke7 23. Kg2 Kd6 24. a3 Bc5 25. h3 Rxg5 26. Bxg5 b6 27. Be3 Qxb2
28. Ra2 Qxa2 29. Bxa2 d4 30. Bf4+ e5 31. Qg6+ Kd7 32. Qxg7+ 1-0

[Event "Vancouver Open--Reserve"]
[Site "Vancouver, WA"]
[Date "2017.08.06"]
[Round "5"]
[White "Hasuike  (OR), Mike"]
[Black "Moore  (OR), Michael"]
[Result "1/2-1/2"]
[WhiteElo "1617"]
[BlackElo "1761"]
[PlyCount "74"]
[EventDate "2017.08.05"]
[SourceDate "2017.08.21"]
[SourceVersionDate "2017.08.21"]

1. d4 Nf6 2. Nf3 d5 3. Bg5 Ne4 4. Bh4 c5 5. e3 Nc6 6. c3 Qb6 7. Qb3 c4 8. Qc2
Bf5 9. Qc1 e6 10. Nbd2 Qa5 11. Be2 b5 12. a3 Qa4 13. O-O Na5 14. Bd1 Nb3 15.
Bxb3 cxb3 16. Nxe4 Bxe4 17. Nd2 Bd3 18. Re1 f5 19. Bg3 g5 20. Nf3 Be7 21. Ne5
Bc2 22. Nc6 Qc4 23. Nb4 Rd8 24. Nxc2 bxc2 25. f3 Qd3 26. Be5 g4 27. f4 Rg8 28.
Kf2 h5 29. g3 h4 30. Re2 hxg3+ 31. hxg3 Qe4 32. Qh1 Kd7 33. Qxe4 dxe4 34. Rxc2
Bd6 35. Bxd6 Kxd6 36. c4 bxc4 37. Rxc4 Rgf8 1/2-1/2

[Event "Vancouver Open--Open"]
[Site "Vancouver, WA"]
[Date "2017.08.06"]
[Round "5"]
[White "Bjorksten  (OR), Lennart"]
[Black "He  (WA), Anthony"]
[Result "1-0"]
[WhiteElo "2094"]
[BlackElo "2340"]
[PlyCount "79"]
[EventDate "2017.08.05"]
[SourceDate "2017.08.25"]
[SourceVersionDate "2017.08.25"]

1. d4 Nf6 2. Bf4 g6 3. Nc3 d5 4. e3 Bg7 5. h4 O-O 6. h5 Nxh5 7. Rxh5 gxh5 8.
Qxh5 e6 9. Qh2 Na6 10. Bd3 f5 11. Nf3 Bd7 12. O-O-O Qe7 13. Rh1 Bh8 14. Ng5 Nb4
15. Nxh7 Nxd3+ 16. cxd3 Rfc8 17. Qg3+ Bg7 18. Be5 Be8 19. Nf6+ Kf8 20. Rh8+ Kf7
21. Rh7 Kf8 22. Nd7+ Qxd7 23. Rxg7 Bf7 24. Qh4 Ke8 25. Bf6 Qd6 26. Qh7 Qf8 27.
Kb1 b6 28. Ne2 c5 29. Nf4 Rc7 30. Ng6 Bxg6 31. Qxg6+ Rf7 32. Rg8 Kd7 33. Rxf8
Raxf8 34. Bg7 Ke7 35. Bxf8+ Rxf8 36. dxc5 bxc5 37. Qg7+ Rf7 38. Qe5 Kd7 39. Qb8
Kc6 40. Qe8+ 1-0

[Event "Vancouver Open--Reserve"]
[Site "Vancouver, WA"]
[Date "2017.08.06"]
[Round "5"]
[White "Fudalla  (OR), Ian"]
[Black "Dietz  (OR), Arliss"]
[Result "1-0"]
[WhiteElo "1421"]
[BlackElo "1500"]
[PlyCount "85"]
[EventDate "2017.08.05"]
[SourceDate "2017.08.25"]
[SourceVersionDate "2017.08.25"]

1. d4 d5 2. c4 e6 3. Nc3 c6 4. e3 Bb4 5. Bd2 Nf6 6. Nf3 O-O 7. a3 Ba5 8. b4 Bc7
9. Bd3 Nbd7 10. O-O dxc4 11. Bxc4 Nb6 12. Bb3 Nbd5 13. Rc1 Nxc3 14. Bxc3 Nd5
15. Bb2 Bd7 16. Qd3 Rc8 17. e4 Ne7 18. Rfd1 Ng6 19. d5 Nf4 20. Qe3 a6 21. d6
Bb8 22. Qxf4 f6 23. e5 g5 24. Qg4 f5 25. Qxg5+ Qxg5 26. Nxg5 Rce8 27. Rc3 h6
28. Nh3 Kh7 29. Nf4 Ba7 30. Rh3 Bb6 31. Rdd3 Bd8 32. Nh5 Bg5 33. Nf6+ Bxf6 34.
exf6 Rc8 35. Rdg3 Rg8 36. Rxg8 Rxg8 37. Bc1 Rg6 38. Bb2 Kg8 39. Rh5 Be8 40.
Rxf5 Rg5 41. Bxe6+ Bf7 42. Rxg5+ hxg5 43. d7 1-0

[Event "Vancouver Open--Open"]
[Site "Vancouver, WA"]
[Date "2017.08.06"]
[Round "5"]
[White "Zhang  (WA), Derek"]
[Black "Baxter  (WA), Brent"]
[Result "1-0"]
[WhiteElo "2175"]
[BlackElo "1900"]
[PlyCount "91"]
[EventDate "2017.08.05"]
[SourceDate "2017.08.25"]
[SourceVersionDate "2017.08.25"]

1. Nf3 Nf6 2. c4 e6 3. Nc3 c5 4. d4 cxd4 5. Nxd4 Bb4 6. Ndb5 Nc6 7. Bf4 e5 8.
Bg5 O-O 9. a3 Bxc3+ 10. Nxc3 h6 11. Bh4 g5 12. Bg3 Qe7 13. e3 d6 14. h4 g4 15.
h5 Bf5 16. Be2 Rad8 17. Bh4 Qe6 18. Nd5 Ne4 19. Bxd8 g3 20. fxg3 Nxg3 21. Rh4
Nxe2 22. Qxe2 Rxd8 23. e4 Bh7 24. Qg4+ Kh8 25. Qxe6 fxe6 26. Nf6 Nd4 27. Rc1
Rf8 28. Nxh7 Kxh7 29. Rg4 Rc8 30. Rc3 Rc7 31. Rg6 b6 32. Rcg3 Rf7 33. Kd2 a5
34. Kd3 a4 35. R3g4 Nb3 36. Kc3 Nc5 37. Kb4 Nd3+ 38. Kxa4 Nxb2+ 39. Kb5 Re7 40.
Rf6 Rc7 41. Rgg6 Rc5+ 42. Kxb6 Nxc4+ 43. Kb7 Nxa3 44. Rxh6+ Kg7 45. Rhg6+ Kh7
46. h6 1-0

[Event "Vancouver Open--Reserve"]
[Site "Vancouver, WA"]
[Date "2017.08.06"]
[Round "5"]
[White "Harvey  (WA), Kelley"]
[Black "Johnson  (WA), Richard"]
[Result "1/2-1/2"]
[WhiteElo "1393"]
[BlackElo "1205"]
[PlyCount "108"]
[EventDate "2017.08.05"]
[SourceDate "2017.08.25"]
[SourceVersionDate "2017.08.25"]

1. e4 d5 2. exd5 Nf6 3. Nc3 Nxd5 4. Qf3 Nxc3 5. Qxc3 Bf5 6. Bb5+ c6 7. Ba4 e6
8. Ne2 Be7 9. O-O O-O 10. d3 Bf6 11. Qd2 Nd7 12. c3 Nc5 13. Bc2 Nxd3 14. Bxd3
Qxd3 15. Qxd3 Bxd3 16. Re1 Bxe2 17. Rxe2 Rad8 18. Be3 b6 19. Rd2 c5 20. Rad1
Rxd2 21. Rxd2 Rd8 22. Rxd8+ Bxd8 23. c4 Bf6 24. b3 Bd4 25. Bd2 Kf8 26. b4 Ke7
27. Kf1 Kd6 28. Ke2 cxb4 29. Bxb4+ Bc5 30. Bc3 g6 31. f3 f5 32. f4 Kc6 33. Kd3
Bg1 34. h3 Bh2 35. Be5 Kc5 36. Bd4+ Kc6 37. Be3 Bg3 38. Kd4 Kd6 39. Kd3 e5 40.
fxe5+ Bxe5 41. a4 Bb2 42. Bf2 Ba3 43. Kc3 Bc5 44. Bg3+ Kc6 45. Be5 a6 46. Bf6
a5 47. Kd3 Bd6 48. Bd4 Bc5 49. Bf6 Kd7 50. Bg5 Ke6 51. Bf4 Bd6 52. Bd2 Bb4 53.
Bf4 Bd6 54. Bd2 Bb4 1/2-1/2

[Event "Vancouver Open--Open"]
[Site "Vancouver, WA"]
[Date "2017.08.06"]
[Round "5"]
[White "Breckenridge  (OR), Steven"]
[Black "Margvelashvili  (WA), Giorgi"]
[Result "1-0"]
[WhiteElo "2385"]
[BlackElo "2609"]
[PlyCount "113"]
[EventDate "2017.08.05"]
[SourceDate "2017.08.25"]
[SourceVersionDate "2017.08.25"]

1. e4 c5 2. c3 d6 3. d4 Nf6 4. Bd3 Nc6 5. Nf3 e5 6. dxe5 dxe5 7. Qc2 Be7 8.
Nbd2 Qc7 9. Nf1 O-O 10. Ne3 Na5 11. b3 h6 12. O-O Be6 13. Re1 Rfe8 14. Bb2 Bf8
15. Rad1 c4 16. bxc4 Nxc4 17. Nxc4 Bxc4 18. Bxc4 Qxc4 19. Qb3 Rac8 20. Qxc4
Rxc4 21. Nd2 Ra4 22. Ra1 Bc5 23. Re2 b5 24. Kf1 Re6 25. Nb3 Be7 26. f3 Rea6 27.
Bc1 Rc4 28. Bd2 Nd7 29. Be1 f6 30. Rd1 Nb6 31. Rb2 Na4 32. Rc2 Kf7 33. Ke2 b4
34. Kd3 Rac6 35. Na5 Rxc3+ 36. Bxc3 Rd6+ 37. Ke2 Nxc3+ 38. Rxc3 Rxd1 39. Rc7
Ra1 40. Nc6 Rxa2+ 41. Kd3 Ra3+ 42. Kd2 Ra2+ 43. Kc1 Rxg2 44. Nxe7 a5 45. Nf5+
Kg8 46. Ra7 a4 47. Rxa4 Rxh2 48. Rxb4 h5 49. Rb3 Rg2 50. Kd1 g6 51. Ne3 Rf2 52.
Nd5 f5 53. f4 fxe4 54. fxe5 h4 55. e6 h3 56. e7 Kf7 57. Rb8 1-0